Luật trưng mua, trưng dụng tài sản
Luật này quy định về việc trưng mua, trưng dụng tài sản; quyền và trách nhiệm của cơ quan nhà nước trong việc trưng mua, trưng dụng tài sản; quyền và nghĩa vụ của người có tài sản trưng mua, trưng dụng; quyền và nghĩa vụ của người khác có lie...
Gardado en:
| Nhiều tác giả của công ty: | , |
|---|---|
| Formato: | Libro |
| Idioma: | Undetermined |
| Publicado: |
Hà Nội
Chính trị Quốc gia
2008
|
| Những chủ đề: | |
| Các nhãn: |
Engadir etiqueta
Sen Etiquetas, Sexa o primeiro en etiquetar este rexistro!
|
| Thư viện lưu trữ: | Trung tâm Học liệu Trường Đại học Cần Thơ |
|---|
| LEADER | 01136nam a2200229Ia 4500 | ||
|---|---|---|---|
| 001 | CTU_157647 | ||
| 008 | 210402s9999 xx 000 0 und d | ||
| 020 | |c 6000 | ||
| 082 | |a 343.59703 | ||
| 082 | |b V308 | ||
| 110 | |a Việt Nam | ||
| 110 | |b Quốc hội | ||
| 245 | 0 | |a Luật trưng mua, trưng dụng tài sản | |
| 245 | 0 | |c Việt Nam. Quốc hội | |
| 260 | |a Hà Nội | ||
| 260 | |b Chính trị Quốc gia | ||
| 260 | |c 2008 | ||
| 520 | |a Luật này quy định về việc trưng mua, trưng dụng tài sản; quyền và trách nhiệm của cơ quan nhà nước trong việc trưng mua, trưng dụng tài sản; quyền và nghĩa vụ của người có tài sản trưng mua, trưng dụng; quyền và nghĩa vụ của người khác có liên quan đến việc trưung mua, trưng dụng tài sản. | ||
| 650 | |a Finance, public,Law and legislation,Hành chính công,Luật và pháp luật | ||
| 650 | |z Viet Nam,Việt Nam | ||
| 904 | |i Thùy, Năm | ||
| 980 | |a Trung tâm Học liệu Trường Đại học Cần Thơ | ||